000 00986cam a2200241 4500
001 L116248
008 020111n2002 000 0 eng u
020 _a0421779608
035 _a(Sirsi) u116248
041 _aeng
050 _a346.410435
_c18
100 _aGaunt, Jonathan
245 _aGale on easements
250 _a17th ed.
260 _aLondon
_bSweet and Maxwell
_c2002
300 _alxxvi, 625p.
_c26cm.
350 _a195
520 _aNew edition of this classic textbook which considers easements generally, the acquisition of easements, particular easements and similar natural rights; the extinguishment of easements and the disturbance of easements. Extensive references are given throughout to case law, statutes, statutory instruments, civil procedure rules and practice directions.
520 _aBrought up to date to January 2005 by the first supplement (ISBN 0421895004).
690 _aBoundary disputes
_96221
700 _aMorgan, Paul
942 _n0
999 _c101833
_d101833